The comprehensive catalogue of published Ur III tablets /

Bibliographic Details
Main Author: Sigrist, Marcel
Other Authors: Ozaki, Tohru
Format: Book
Language:English
Published: Bethesda, Md. : CDL Press, 1991.
Subjects:

MARC

Tag First Indicator Second Indicator Subfields
LEADER 00000cam a2200000 a 4500
001 in00001126821
005 20150930081648.0
008 920825s1991 mdu bc 001 0 eng
010 |a  92205055  
020 |a 0962001376 
035 |a (OCoLC)26762350 
035 |9 AFX1158AM 
040 |a DLC  |c DLC  |d OCL  |d UtOrBLW 
043 |a a-iq--- 
049 |a TXAM 
050 0 0 |a PJ4054.U7  |b S55 1991 
082 0 0 |a 499/.95  |2 20 
100 1 |a Sigrist, Marcel. 
245 1 4 |a The comprehensive catalogue of published Ur III tablets /  |c by Marcel Sigrist and Tohru Gomi. 
264 1 |a Bethesda, Md. :  |b CDL Press,  |c 1991. 
300 |a 375 pages ;  |c 29 cm. 
336 |a text  |b txt  |2 rdacontent 
337 |a unmediated  |b n  |2 rdamedia 
338 |a volume  |b nc  |2 rdacarrier 
500 |a Includes index. 
504 |a Includes bibliographical references (pages [17]-95). 
650 0 |a Sumerian language  |v Texts  |x Catalogs. 
651 0 |a Ur (Extinct city) 
700 1 |a Ozaki, Tohru. 
999 |a MARS 
999 f f |s c5831418-4a76-31dd-b405-2aee116851a5  |i 77b1185f-45b1-3623-af21-2f273cbe4ad1  |t 0 
952 f f |p ric  |a Texas A&M University  |b Rellis Campus  |c Joint Library Facility  |d Remote Storage  |t 0  |e PJ4054.U7 S55 1991  |h Library of Congress classification  |i unmediated -- volume  |m A14817552057 
998 f f |a PJ4054.U7 S55 1991  |t 0  |l Remote Storage